Statistics for Fantastic Beasts and Where to Find Them Quiz

Click here to take the quiz!

General Stats

  • This quiz has been taken 140 times
  • The average score is 12 of 21

Answer Stats

HintAnswer% Correct
What Hogwarts house does Newt belong to?Hufflepuff
98%
Where does Newt Scamander keep his fantastic beasts?His suitcase
86%
Who is Tina's red-headed sister?Queenie
86%
In which US city do Newt's creatures get let loose?New York
84%
What is the name of the muggle the wizards befriend?Jacob Kowalski
80%
What creature has an affinity for sparkly objects?Niffler
78%
What is the occupation of the muggle above?Baker
75%
American wizards call muggles what?No-maj
69%
Who does Newt keep a framed picture of?Leta Lestrange
59%
Tina Goldstein held what position at the Magical Congress of the US?Auror
55%
What is the name of the American wizarding school?Ilvermorny
51%
In which US state did Newt want to release the Thunderbird?Arizona
49%
What is the name of the bowtruckle that Newt keeps with him?Pickett
45%
Queenie Goldstein is a Legilimens. This means she has what ability?Reading minds
45%
At the end of the movie, who was revealed to be disguised as Percival Graves?Grindelwald
44%
What kind of creature is Credence?An obscurial
42%
In what year does Fantastic Beasts take place?1927
41%
What is the New Salem Philanthropic Society against?Witches
40%
What magical power does the Demiguise possess?Invisibility
38%
What drink makes whoever drinks it laugh?Giggle water
26%
What creature assists in helping Tina escape from the Death Cell?Swooping Evil
24%

Score Distribution

Percentile by Number Answered

Percent of People with Each Score

Your Score History

You have not taken this quiz